| 000 | 00438 a2200169 4500 | ||
|---|---|---|---|
| 001 | 156432 | ||
| 020 | _a857319538X | ||
| 040 | _cEscola São Tomás de Aquino | ||
| 100 | _aCAVALCANTI, Maria Del Pilar Espí | ||
| 240 | 1 | 0 |
_aPortuguês: alfabetização e letramento _lpor |
| 245 | 1 | 0 | _aPortuguês: alfabetização e letramento |
| 300 | _a112 | ||
| 362 | 0 | _a2006 | |
| 440 | 1 | _aDimensão | |
| 697 | _aLíngua portuguesa | ||
| 942 | _cBK | ||
| 999 |
_c156432 _d156432 |
||